Sports Quiz

Random Sports Quiz
Score 0/30 Timer 12:00
1 Play Today
Poste - Années à l'Inter Joueur % Correct
Attaquant - 2006-09Zlatan Ibrahimović
81.6%
Attaquant - 2002–03, 2006-09Hernán Crespo
78.8%
Attaquant - 1997–2002Ronaldo
66.4%
Milieu - 1998–2001Andrea Pirlo
65.7%
Gardien - 2001–2010Francesco Toldo
52.1%
Milieu - 2000-02Clarence Seedorf
46.2%
Attaquant - 1999-2005Christian Vieri
32.9%
Attaquant - 2007–2010Mario Balotelli
28.8%
Attaquant - 1998–2000Roberto Baggio
25%
Milieu - 2006–2010Patrick Vieira
23.2%
Défenseur - 2005-06Leonardo Bonucci
15.9%
Milieu - 2004–05Edgar Davids
14.5%
Attaquant - 2012–13Antonio Cassano
13.3%
Milieu - 2008-2012Sulley Muntari
12.3%
Défenseur - 2002–07Francesco Coco
11.9%
Poste - Années à l'Inter Joueur % Correct
Attaquant - 2011-12Giampaolo Pazzini
9.3%
Défenseur - 1999–2001Christian Panucci
8.3%
Défenseur - 1999-2002Dario Šimić
7.4%
Défenseur - 2002-04Ümit Davala
7.2%
Défenseur - 2006–2010Giuseppe Favalli
6.2%
Défenseur - 1997–99Taribo West
6.2%
Milieu - 2001–03Dražen Brnčić
5.5%
Défenseur - 2003–04Thomas Helveg
4.7%
Attaquant - 2008–2010Mancini
4.5%
Attaquant - 1995–97Maurizio Ganz
4.3%
Milieu - 2000–01Cristian Brocchi
3.7%
Milieu - 2001–04Guly
3.3%
Milieu - 2011-12Andrea Poli
3%
Défenseur - 2012-13Matías Silvestre
2.1%
Milieu - 2002-03Domenico Morfeo
1.3%
Remove Ads.
Support Sporcle.
Get the best of Sporcle when you Go Orange. This ad-free experience offers more features, more stats, and more fun while also helping to support Sporcle. Thank you for becoming a member.

You're not logged in!

Compare scores with friends on all Sporcle quizzes.
OR
Log In

Sporcle TV

Today on Sporcle TV


Watch our educational content, quiz creation guides, and fun videos on Sporcle TV.

Show Comments

Extras

Created Jul 4, 2020ReportNominate
Tags:1990, anne, les, milan, poste

Top Quizzes Today


Score Distribution

Paid Content

Your Account Isn't Verified!

In order to create a playlist on Sporcle, you need to verify the email address you used during registration. Go to your Sporcle Settings to finish the process.

Report this User

Report this user for behavior that violates our Community Guidelines.

Details: